00653nam a2200205Ia 4500003000400000008004100004020002400045040000800069100002100077245004900098260003000147300001500177365001300192901002100205902003400226903005800260942001200318952010000330999001700430LDD181029s9999 xx 000 0 und d a765808471cUS24.95 cLDD aMinogue, Kenneth 4aThe concept of a universitycKenneth Minogue aLondonbTransactionc2005 axviii, 231 bUS24.95 a3333b08-03-2006 a6464b18-03-2006cFdVIVAe37 aDiscount-10bReqst by : Sharma, Mahesh Chandra (Dr.)  2ddccBK 00102ddc4070976022aLDDbLDDl0o378.001 M588Cp059351r2018-11-01v1110.02w2018-11-01yBK c76023d76023